| 000 | nam a22 7a 4500 | ||
|---|---|---|---|
| 999 |
_c233639 _d233639 |
||
| 003 | Nust | ||
| 005 | 20170309125544.0 | ||
| 008 | 170309b xxu||||| |||| 00| 0 eng d | ||
| 040 | _cDLC | ||
| 082 | _a658.155 RAM | ||
| 245 | _aRAMP: Risk Analysis and Management for Project / | ||
| 260 |
_aUSA : _bThomas Telford, |
||
| 300 | _a112p. : | ||
| 942 |
_2ddc _cBK |
||